000 00723nam a2200253Ia 4500
003 OSt
005 20220918163739.0
006 a|||||r|||| 00| 0
007 ta
008 220917b |||||||| |||| 00| 0 eng d
020 _a023105775X
024 _a35,007
037 _cTextual
040 _aARTS
_cARTS
_beng
041 _2eng
_aeng
082 _aO111973,1:g, M4
100 _aTapscott Stephen
_914994
245 0 _aAmerican beauty
_b William Carlos Williams and the modernist Whiteman
260 _aNew York
_bColumbia Univ Press USA
_c1984
300 _axii,267p.
_ccm.
650 _aENGLISH LITERATURE
942 _hO111973,1:g, M4
_cTEXL
_2CC
999 _c121197
_d121197